000 00414nam a2200157Ia 4500
008 160316s1999 xxu||||| |||| 00| 0 eng d
082 _a335.400000
_bELS
100 _aElster Jon
245 _aKarl Marx : A reader
250 _a
260 _aCambridge
_bCambridge University Press
_c1999
300 _a345p
_b
_cvi
365 _b Rs. 2,124
650 _a1. Marx Karl - 1818 - 1883 2. Communism
700 _a
_a
999 _c27669
_d27669